00553nam a22001937a 450000500170000001000130001702000230003003500130005303700160006604000120008208200170009424501070011126000400021827000240025830000200028250000060030265000310030870000200033920170124110155.0 aA-116992 c150.00a0691071837 aA-116992 bCen Lib/Ret aDPLbEN a181.403bENC aEncyclopedia of Indian philosophies :cedited by Karl H. PotterbIndian metaphysics and epistemology / aVaranasic1977bMotilal banarsidas  bVaranasia1. Chowk  a744p.c20cm(Hb) a  aPhilosophy vEncyclopedia  aPotter, Karl H.